Toutes les écuries à 0 points en une saison de F1 (2006-13) - Statistiques

Statistiques générales
  • Ce quiz a été pris 9 fois
  • Le résultat moyen est 4 sur 8
Statistiques - réponses
Saison(s) Ecurie % Correct
2010-12 HRT
71%
2007 (Disqualification) McLaren
71%
2010-13 Caterham
43%
2012-13 Marussia
43%
2006, 2008 Super Aguri
43%
2010-11 Virgin
43%
2008 Force India
29%
2006 Midland
29%
Aucun quiz correspondant
Distribution des résultats
% des personnes avec chaque résultat
Percentile par nombre de réponses
Votre historique - résultats
Vous n’avez pas pris ce quiz